LEADER 01063nam a2200241 u 4500 001 000000071724 003 CaOOAMICUS 005 20070226122149.0 008 020603s 1902gw a u000 u ger u 035 $a10931837 040 $aPUL(R)$bita 100 1 $aHaeckel, Ernst Heinrich Philipp August,$d1834-1919.$0(OLS)http://pul/name/43605 245 10$aGemeinverständliche Vortrage und Abbandlungen aus dem Gebiete der Entwiekelungslehre /$cErnst Haechel. 260 $aBonn :$bVerlag von Emil Straub,$c1902. 300 $a2 v. :$bill. ;$c25 cm 500 $aContiene indice. 650 4$aDarwinismo.$0(OLS)http://pul/subject/23962 850 $aPUL 852 $aPUL$W1$xDP1 Cons. Gen., Altre Classi 1$y22$m929 A 2$j92788$nBK-PRI$b $qStampati$B92788$CPULBib$Z2$F92788 $H $81 941 1 $a8 961 $aINV: 14499 996 $6245$aGemeinverständliche Vortrage und Abbandlungen aus dem Gebiete der Entwiekelungslehre$9(OLS)http://pul/title/94399 996 $6260$aBonn :$bVerlag von Emil Straub$9(OLS)http://pul/publisher/73680 LEADER 01336nam a2200313 a 4500 001 000000170883 003 CaOOAMICUS 005 20181203094712.0 008 181203s2000 xxua 000 u eng r 020 $a0-4650-1377-5* 032 $aLibriCat 040 $aPUL$bita 082 14$a612.8 100 1 $aEdelman, Gerald M.$0(OLS)http://pul/name/71602 245 12$aA universe of consciousness : $bhow matter becomes imagination / $cGerald M. Edelman and Giulio Tononi . 260 $aNew York :$bBasic books,$c©2000. 300 $aXIII, 274 p. : $bill. ; $c21 cm. 504 $aContiene riferimenti bibliografici. 650 4$aMente e cervello.$0(OLS)http://pul/subject/25955 650 4$aNeuroscienze.$0(OLS)http://pul/subject/35923 700 1 $aTononi, Giulio.$0(OLS)http://pul/name/71603 850 $aPUL 852 $aPUL$W1$xDP2 Diritto e Scienze Sociali 3$y110$m612. 8 EDEGE 1$j194166$qDDC 21$B199402$CPULBib$Z2$F199402 $H131823 $81 941 1 $a9 996 $6020$a0-4650-1377-5*$9(OLS)http://pul/number/165449 996 $6082$a612.8$9(OLS)http://pul/classification/2270 996 $6245$aA universe of consciousness : $bhow matter becomes imagination / $9(OLS)http://pul/title/211726 996 $6260$aNew York :$bBasic books$9(OLS)http://pul/publisher/67346